| 000 | 00453nam a2200181 a 4500 | ||
|---|---|---|---|
| 005 | 20260322212032.0 | ||
| 008 | data | ||
| 010 | _a76-11687 | ||
| 090 | _aBF 109 .A1 C66p 1977 | ||
| 100 | 1 |
_aCohen, David, _d1946- |
|
| 245 | 1 | 0 |
_aPsychologists on psychology/ _cDavid Cohen. |
| 260 |
_aNew York _bTaplinger _cp1977 |
||
| 300 | _a360 p. | ||
| 500 | _aBibliography: p. 357-360 | ||
| 650 | 0 | 2 |
_aPsychology _vbiography |
| 650 | 0 | 2 |
_aPsychology _xhistory |
| 001 | data | ||
| 999 |
_c744 _d744 |
||